000 00601nab a2200193 a 4500
005 20210223125805.0
008 991125s1985 mx 000 0 spa u
035 _aUPN01000142168
100 1 _aGonzález Cuberes, María Teresa,
_d1941-
_928881
222 _aLA EDUCACION EN LOS PRIMEROS AÑOS
245 _aBreves reflexiones y propuestas sobre la evaluación institucional
260 _aMéxico
300 _a69-80
362 0 _a2000 Año 3, no. 28, sept.
653 0 _aEVALUACION INSTITUCIONAL
653 0 _aEVALUACION EDUCATIVA
653 0 _aINSTITUCIONES EDUCATIVAS
905 _aArticulo
999 _c114315
_d114315